| 000 | 00873nam a22002057a 4500 | ||
|---|---|---|---|
| 005 | 20140521162728.0 | ||
| 008 | 140521b2003 bl ||||| |||| 00| 0 por d | ||
| 041 | _apor | ||
| 044 | _abl | ||
| 082 | 0 | 4 |
_a551.48 _bM17p |
| 110 | 2 |
_aMinistério do Meio Ambiente _bDirectoria de Gestao Ambiental e Territorial _bPrograma Zoneamento Ecológico-Economico _924230 |
|
| 245 | 1 | 0 |
_aProjeto macrozoneamento da Amazonia legal : _bmapas temáticos selecionados (tecxto explicativo) |
| 260 |
_aBrasilia _bMinistério do Meio Ambiente. Directoria de Gestao Ambiental e Territorial. _c2003 |
||
| 300 |
_a35 p. _c28 cm. |
||
| 650 | 6 |
_aPolítica ambiental _zAmazonia (Brasil) _924231 |
|
| 650 | 4 |
_aFrontera agrícola _zAmazonia (Brasil) _924232 |
|
| 650 | 4 |
_aFrontera mineral _zAmazonia (Brasil) _924233 |
|
| 650 | 4 |
_aDiversidad sociocultural _zAmazonia (Brasil) _924234 |
|
| 942 |
_2ddc _cImpreso |
||
| 999 |
_c8448 _d8448 |
||